Online
Catalog
Normal view MARC view

Entry Término temático

Number of records used in: 7

001 - NÚMERO DE CONTROL

  • campo de control: 20167

003 - IDENTIFICADOR DEL NÚMERO DE CONTROL

  • campo de control: BNPHU

005 - FECHA Y HORA DE LA ÚLTIMA TRANSACCIÓN

  • campo de control: 20250515140454.0

008 - DATOS DE LONGITUD FIJA

  • campo de control de longitud fija: 200615|| aca||aabn | a|a d

010 ## - NÚMERO DE CONTROL DE LA BIBLIOTECA DEL CONGRESO

  • Número de control de LC: sh 92006809

040 ## - FUENTE DE LA CATALOGACIÓN

  • Centro catalogador/agencia de origen: DO-SdBNP
  • Lengua de catalogación: spa
  • Centro/agencia transcriptor: BNPHU
  • Normas de descripción: rda

150 ## - ENCABEZAMIENTO--TÉRMINO DE MATERIA

  • Término de materia o nombre geográfico como elemento de entrada: Atención primaria de salud

450 0# - TRAZADO DE VÉASE--TÉRMINO DE MATERIA

  • Término de materia o nombre geográfico como elemento de entrada: Primary health care

450 ## - TRAZADO DE VÉASE--TÉRMINO DE MATERIA

  • Término de materia o nombre geográfico como elemento de entrada: Atención primaria en salud

550 ## - TRAZADO VÉASE ADEMÁS--TÉRMINO DE MATERIA

  • Término de materia o nombre geográfico como elemento de entrada: Servicios de salud para la comunidad

670 ## - FUENTE DE DATOS ENCONTRADOS

  • Cita de la fuente: Work cat.: (OSt)7049: Cardiología en atención primaria /, 2005.

670 ## - FUENTE DE DATOS ENCONTRADOS

  • Identificador Uniforme del Recurso: https://librunam.dgb.unam.mx:8443/F/6NND7M9ET683GQI18UFASVB2PKYIXMQTXF7YD5CX8Q8KCP5KFJ-22323?func=full-set-set&set_number=003113&set_entry=000001&format=001 Consultado en 15 de Mayo, 2025

670 ## - FUENTE DE DATOS ENCONTRADOS

  • Identificador Uniforme del Recurso: https://authorities.loc.gov/cgi-bin/Pwebrecon.cgi?AuthRecID=4847383&v1=1&HC=1&SEQ=20250515140313&PID=dLq_wOfpY_rUqdnxr1xoHAAuMI5u Consultado en 15 de Mayo, 2025

680 ## - NOTA GENERAL PÚBLICA

  • Texto explicativo: Aquí se asientan las obras sobre la atención sanitaria esencial con acceso universal a los individuos y familias de la comunidad por medios aceptable para ellos, a través de su participación y a un costo que la comunidad y el país puede permitirse. Trabajos sobre cuidado médico básico o general provisto generalmente por la familia, médico general, internista, pediatra, obstetra, ginecólogo, asistente de médico, o enfermera practicante, se asientan bajo
  • Encabezamiento o término de subdivisión: Cuidados primarios (Medicina)

681 ## - NOTA DE EJEMPLO DE TRAZADO DE MATERIA

  • Encabezamiento de materia o término de subdivisión: Cuidados primarios (Medicina)

750 ## - ENTRADA DE ENLACE DE ENCABEZAMIENTO ESTABLECIDO--TÉRMINO DE MATERIA

  • Término de materia o nombre geográfico como elemento de entrada: Primary health care
  • Número de control del registro de autoridad o número normalizado: sh 92006809

Powered by Koha